[Event "Jerommeke- knockout"]
[Site "SchemingMind.com"]
[Date "2009.11.18"]
[Round "-"]
[White "lemmie"]
[Black "Schaakmaatje"]
[Result "1-0"]
[WhiteCountry "NED"]
[BlackCountry "NED"]
[WhiteElo "1630"]
[WhiteRD "48"]
[BlackElo "1680"]
[BlackRD "47"]
[GameID "226802"]

1. e4 e5 2. Nf3 Nc6 3. Bc4 Bc5 4. Bxf7+ Kxf7 5. Nxe5+ Nxe5 6. d4 Bxd4 7. Qxd4 d6 8. Qd5+ Be6 9. Qxb7 Ne7 10. f4 Rb8
11. Qxa7 Ng4 12. h3 Nf6 13. Nc3 Rb4 14. Qe3 Rf8 15. O-O Qa8 16. a3 Rxe4 17. Nxe4 Nxe4 18. b4 Nf5 19. Qf3 Qa7+ 20. Kh2 Nfg3
21. Re1 d5 22. Be3 Qa6 23. a4 h5 24. b5 Qc8 25. Bf2 h4 26. Kg1 Kg8 27. Bxg3 Nxg3 28. a5 g5 29. Qd3 Ne4 30. fxg5 Qd8
31. Qe3 Qd6 32. g6 Kg7 33. a6 c5 34. Red1 Bf5 35. a7 Ra8 36. c4 d4 37. Qf3 Kxg6 38. Ra6 Qxa6 39. bxa6 Rxa7 40. Ra1 Kg5
41. Rf1 Ng3 42. Qf4+ Kg6 43. Qd6+ Kg5 44. Ra1 Ne4 45. Qb6 Ra8 46. a7 d3 47. Qb7 Rc8 48. a8=Q Nd6 49. Qg7+ Kf4 50. Qf3#
1-0

[Event "Jerommeke- knockout"]
[Site "SchemingMind.com"]
[Date "2009.11.18"]
[Round "-"]
[White "Schaakmaatje"]
[Black "lemmie"]
[Result "0-1"]
[WhiteCountry "NED"]
[BlackCountry "NED"]
[WhiteElo "1736"]
[WhiteRD "50"]
[BlackElo "1617"]
[BlackRD "52"]
[GameID "226806"]

1. e4 e5 2. Nf3 Nc6 3. Bc4 Bc5 4. Bxf7+ Kxf7 5. Nxe5+ Nxe5 6. d4 Qh4 7. Nc3 Bb6 8. O-O Ng4 9. h3 N4h6 10. Qd3 d6
11. Nd5 Be6 12. Nf4 c6 13. c3 Ne7 14. g3 Qf6 15. Nxe6 Qxe6 16. Kh2 Ng6 17. f4 Rae8 18. e5 Qd5 19. f5 Ne7 20. f6 Nef5
21. Bf4 dxe5 22. Bxh6 Nxh6 23. fxg7+ Kxg7 24. Qd2 exd4 25. cxd4 Bxd4 26. Rad1 Rhf8 27. Rxf8 Rxf8 28. Qxd4+ Qxd4 29. Rxd4 Rf2+ 30. Kg1 Rxb2
0-1

[Event "Jerommeke- knockout"]
[Site "SchemingMind.com"]
[Date "2009.11.18"]
[Round "-"]
[White "XTC"]
[Black "Clive Everill"]
[Result "1-0"]
[WhiteCountry "COL"]
[BlackCountry "CZE"]
[WhiteElo "1739"]
[WhiteRD "49"]
[BlackElo "1672"]
[BlackRD "49"]
[GameID "227095"]

1. e4 e5 2. Nf3 Nc6 3. Bc4 Bc5 4. Bxf7+ Kxf7 5. Nxe5+ Nxe5 6. Qh5+ Kf6 7. d4 Bb4+ 8. c3 Nd3+ 9. Ke2 Nxc1+ 10. Rxc1 Nh6
11. e5+ Ke6 12. cxb4 b6 13. Nc3 Bb7 14. Kf1 Qf8 15. Nb5 Ba6 16. Qh3+ Qf5 17. Qb3+ Ke7 18. d5 Bxb5+ 19. Kg1 Rhf8 20. f3 Rac8
21. a4 Ba6 22. b5 Bb7 23. Re1 Kd8 24. Rad1 Bxd5 25. Rxd5 Ng4 26. e6 Qf6 27. e7+ Ke8 28. exf8=Q+ Kxf8 29. Qb4+ d6 30. Qxg4 Qd8
31. Rf5+ Kg8 32. Rg5 g6 33. Rxg6+ hxg6 34. Qxg6+ Kh8 35. Re4 d5 36. Rg4 Qg8 37. Qf6+
1-0

[Event "Jerommeke- knockout"]
[Site "SchemingMind.com"]
[Date "2009.11.18"]
[Round "-"]
[White "Clive Everill"]
[Black "XTC"]
[Result "0-1"]
[WhiteCountry "CZE"]
[BlackCountry "COL"]
[WhiteElo "1672"]
[WhiteRD "49"]
[BlackElo "1739"]
[BlackRD "49"]
[GameID "227100"]

1. e4 e5 2. Nf3 Nc6 3. Bc4 Bc5 4. Bxf7+ Kxf7 5. Nxe5+ Nxe5 6. Qh5+ Ng6 7. Qd5+ Ke8 8. Qxc5 d6 9. Qc3 Nf6 10. d3 h6
11. Na3 a6 12. f3 Rf8 13. Be3 c5 14. b4 b6 15. bxc5 bxc5 16. O-O Be6 17. h3 Qc8 18. Kh2 Qc7 19. g3 Rb8 20. Rab1 Bxa2
21. Rxb8+ Qxb8 22. Ra1 Be6 23. Nc4 Bxc4 24. Qxc4 Qc8 25. Rxa6 Ne5 26. Qb5+ Qd7 27. Qb3 Nxf3+ 28. Kg2 Ne5 29. Bf4 c4 30. Qc3 cxd3
31. cxd3 Kf7 32. Qb3+ Qe6 33. Ra7+ Nfd7 34. Qc3 Kg8 35. d4 Ng6 36. Qe3 Nxf4+ 37. gxf4 Nf6 38. e5 Nd5 39. Qg3 Nxf4+ 40. Kh2 Ng6
41. Ra6 Qf5 42. Rxd6 Rb8 43. Rxg6 Rb2+ 44. Kh1 Qf1+ 45. Qg1 Qxh3+
0-1

[Event "Jerommeke- knockout"]
[Site "SchemingMind.com"]
[Date "2009.11.23"]
[Round "-"]
[White "maro"]
[Black "MOIMOI"]
[Result "0-1"]
[WhiteCountry "MEX"]
[BlackCountry "POL"]
[WhiteElo "1327"]
[WhiteRD "48"]
[BlackElo "1604"]
[BlackRD "57"]
[GameID "227786"]

1. e4 e5 2. Nf3 Nc6 3. Bc4 Bc5 4. Bxf7+ Kxf7 5. Nxe5+ Nxe5 6. Qh5+ Ke6 7. d4 Bxd4 8. Bg5 Nf6 9. Qh3+ Kf7 10. O-O d5
11. Qh4 dxe4 12. c3 Bc5 13. b4 Be7 14. Nd2 Bd6 15. Nxe4 h6 16. Bf4 Nxe4 17. Qh5+ Ng6 18. Qd5+ Be6 19. Qxe4 Nxf4 20. Qxb7 Rb8
21. Qa6 Bd5 22. Qa3 Nxg2
0-1

[Event "Jerommeke- knockout"]
[Site "SchemingMind.com"]
[Date "2009.11.23"]
[Round "-"]
[White "MOIMOI"]
[Black "maro"]
[Result "1-0"]
[WhiteCountry "POL"]
[BlackCountry "MEX"]
[WhiteElo "1575"]
[WhiteRD "53"]
[BlackElo "1277"]
[BlackRD "51"]
[GameID "227788"]

1. e4 e5 2. Nf3 Nc6 3. Bc4 Bc5 4. Bxf7+ Kxf7 5. Nxe5+ Nxe5 6. Qh5+ Ng6 7. Qxc5 d6 8. Qb4 N8e7 9. O-O c5 10. Qb3+ Ke8
11. d3 b6 12. Bg5 h6 13. Be3 Nc6 14. c4 Na5 15. Qd1 Qf6 16. Nc3 Be6 17. Rb1 Nh4 18. d4 Bxc4 19. Re1 Qg6 20. g3 Nf3+
21. Qxf3 Rf8 22. Bf4 Kd7 23. b3 Be6 24. d5 Bg4 25. Qd3 Rae8 26. Qb5+ Kd8 27. Rb2 Bf3 28. e5 dxe5 29. Rxe5 Rxe5 30. Bxe5 Rf5
31. Bb8 Bxd5 32. Bxa7 Kc8 33. Bxb6 Qe6 34. Re2 Bc4 35. Qxc5+ Qc6 36. Qxf5+ Be6 37. Rxe6
1-0

[Event "Jerommeke- knockout"]
[Site "SchemingMind.com"]
[Date "2009.12.02"]
[Round "-"]
[White "slotheman"]
[Black "somar96"]
[Result "0-1"]
[WhiteCountry "USA"]
[BlackCountry "POL"]
[WhiteElo "1579"]
[WhiteRD "100"]
[BlackElo "1896"]
[BlackRD "57"]
[GameID "229047"]

1. e4 e5 2. Nf3 Nc6 3. Bc4 Bc5 4. Bxf7+ Kxf7 5. Nxe5+ Nxe5 6. Qh5+ Kf8 7. Qxe5 Qe7 8. Qf4+ Ke8 9. O-O d6 10. Re1 Qe5
11. d3 Qxf4 12. Bxf4 Ne7 13. Nd2 Rf8 14. g3 Ng6 15. Be3 Bxe3 16. Rxe3 Be6 17. d4 Kd7 18. e5 d5 19. b3 Ne7 20. c4 c6
21. Rc1 g5 22. Nf3 h6 23. Ne1 Nf5 24. cxd5 cxd5 25. Rec3 Rac8 26. Nd3 b6 27. a4 Rxc3 28. Rxc3 Nxd4 29. Kg2 Bf5 30. f3 Nc6
31. g4 Bxd3 32. e6+ Kd6 33. e7 Nxe7 34. Rxd3 Nc6 35. Kg3 d4 36. h4 Kd5 37. Rd1 Ne5 38. Rf1 d3 39. h5 Kd4 40. f4 gxf4+
41. Kh4 d2 42. g5 hxg5+ 43. Kxg5 f3 44. h6 Ke3 45. h7 Ke2 46. Rh1 d1=Q 47. h8=Q Rxh8 48. Rxh8 f2 49. Rh2 Nf3+
0-1

[Event "Jerommeke- knockout"]
[Site "SchemingMind.com"]
[Date "2009.12.02"]
[Round "-"]
[White "somar96"]
[Black "slotheman"]
[Result "1-0"]
[WhiteCountry "POL"]
[BlackCountry "USA"]
[WhiteElo "1896"]
[WhiteRD "57"]
[BlackElo "1579"]
[BlackRD "100"]
[GameID "229049"]

1. e4 e5 2. Nf3 Nc6 3. Bc4 Bc5 4. Bxf7+ Kxf7 5. Nxe5+ Nxe5 6. Qh5+ Ke6 7. Qf5+ Kd6 8. Nc3 Qf6 9. d4 Qxf5 10. dxc5+ Kc6
11. exf5 d6 12. cxd6 cxd6 13. Bf4 Bxf5 14. O-O-O Nf6 15. Rhe1 Rhe8 16. f3 Nc4 17. b3 Rxe1 18. Rxe1 Nb6 19. Kd2 Re8 20. Rd1 Nbd5
21. Nxd5 Nxd5 22. Bg3 Re3 23. Bf2 Rc3 24. Rc1 a5 25. Bd4 Rc5 26. Bxc5 dxc5 27. Re1 h5 28. a3 b5 29. g3 g5 30. Re5 Bxc2
31. Kxc2 g4 32. f4 b4 33. axb4 axb4 34. Rxh5 Ne3+ 35. Kd3 Nd1 36. Kd2 Nf2 37. Re5 Kb5 38. f5 Nh3 39. f6
1-0

[Event "Jerommeke- knockout"]
[Site "SchemingMind.com"]
[Date "2009.12.04"]
[Round "-"]
[White "sansubari"]
[Black "memet"]
[Result "0-1"]
[WhiteCountry "MAS"]
[BlackCountry "TUR"]
[WhiteElo "1509"]
[WhiteRD "89"]
[BlackElo "1560"]
[BlackRD "67"]
[GameID "229214"]

1. e4 e5 2. Nf3 Nc6 3. Bc4 Bc5 4. Bxf7+ Kxf7 5. Nxe5+ Nxe5 6. d3 Bb4+ 7. Bd2 Qe7 8. a3 Bxd2+ 9. Nxd2 Qg5 10. g3 d6
11. Nf3 Qe7 12. Nxe5+ Qxe5 13. c3 Nf6 14. h3 Bd7 15. f4 Qb5 16. Qc2 Rhe8 17. a4 Qc6 18. Kd2 d5 19. e5 Nh5 20. Rag1 Qxa4
21. b3 Qc6 22. d4 Qg6 23. Qd1 Bb5 24. Qf3 Nf6 25. h4 Qe4 26. Qxe4 Nxe4+ 27. Ke3 c5 28. c4 dxc4 29. bxc4 cxd4+ 30. Kxe4 Bc6+
31. Kxd4 Bxh1 32. Rxh1 a5 33. Ra1 Red8+ 34. Ke4 a4 35. f5 a3 36. g4 a2 37. g5 Rd2 38. h5 Rb2 39. g6+ hxg6 40. hxg6+ Ke7
0-1

[Event "Jerommeke- knockout"]
[Site "SchemingMind.com"]
[Date "2009.12.03"]
[Round "-"]
[White "memet"]
[Black "sansubari"]
[Result "0-1"]
[WhiteCountry "TUR"]
[BlackCountry "MAS"]
[WhiteElo "1624"]
[WhiteRD "78"]
[BlackElo "1524"]
[BlackRD "85"]
[GameID "229217"]

1. e4 e5 2. Nf3 Nc6 3. Bc4 Bc5 4. Bxf7+ Kxf7 5. Nxe5+ Nxe5 6. d4 Bb4+ 7. c3 Bxc3+ 8. Nxc3 Ng6 9. Qf3+ Qf6 10. Qh5 h6
11. Nd5 Qd6 12. Bf4 Qc6 13. Qf5+ Nf6 14. Rc1 d6 15. Qxg6+ Kxg6 16. Ne7+ Kf7 17. Nxc6 bxc6 18. Rxc6 Ne8 19. O-O Bb7 20. Rc3 Bxe4
21. f3 Bd5 22. b3 Rf8 23. Bd2 Kg8 24. Re1 g5 25. Re7 a5 26. h4 gxh4 27. Bxh6 Rf7 28. Rce3 Ng7 29. Bg5 Rxe7 30. Rxe7 Rc8
31. Bxh4 Nf5
0-1

[Event "Jerommeke- knockout"]
[Site "SchemingMind.com"]
[Date "2009.12.10"]
[Round "-"]
[White "David Hartley"]
[Black "lame wolf"]
[Result "1-0"]
[WhiteCountry "ENG"]
[BlackCountry "INT"]
[WhiteElo "1833"]
[WhiteRD "68"]
[BlackElo "1055"]
[BlackRD "45"]
[GameID "229536"]

1. e4 e5 2. Nf3 Nc6 3. Bc4 Bc5 4. Bxf7+ Kxf7 5. Nxe5+ Nxe5 6. Qh5+ Ng6 7. Qxc5 d6 8. Qd5+ Ke8 9. d3 Qe7 10. Nc3 Qe5
11. Be3 Qxd5 12. Nxd5 N8e7 13. Nxc7+ Kd7 14. Nxa8 Ne5 15. Bxa7 N7c6 16. Nb6+ Kc7 17. Nxc8 Kxc8 18. Be3 h6 19. Bd2 g5 20. f4 gxf4
21. Bxf4 Ng6 22. Bxd6 Nf4 23. Bxf4 Nd4 24. O-O Nxc2 25. Rac1
1-0

[Event "Jerommeke- knockout"]
[Site "SchemingMind.com"]
[Date "2009.12.10"]
[Round "-"]
[White "lame wolf"]
[Black "David Hartley"]
[Result "0-1"]
[WhiteCountry "INT"]
[BlackCountry "ENG"]
[WhiteElo "1055"]
[WhiteRD "45"]
[BlackElo "1833"]
[BlackRD "68"]
[GameID "229542"]

1. e4 e5 2. Nf3 Nc6 3. Bc4 Bc5 4. Bxf7+ Kxf7 5. Nxe5+ Nxe5 6. d3 Bb6 7. Be3 Qf6 8. Bxb6 axb6 9. d4 Nc6 10. c3 d6
11. d5 Nce7 12. O-O Ke8 13. Qf3 Qxf3 14. gxf3 Nf6 15. c4 Rf8 16. Nd2 Nh5 17. Kh1 Ng6 18. Rg1 Nh4 19. b4 Nxf3 20. Nxf3 Rxf3
21. Kg2 Rc3 22. c5 bxc5 23. bxc5 Rxc5 24. f3 Rc2+ 25. Kf1 Rxh2 26. Re1 Bh3+
0-1

[Event "Jerommeke- knockout"]
[Site "SchemingMind.com"]
[Date "2009.12.08"]
[Round "-"]
[White "jtrochez1"]
[Black "Gammon"]
[Result "1-0"]
[WhiteCountry "HON"]
[BlackCountry "USA"]
[WhiteElo "1538"]
[WhiteRD "49"]
[BlackElo "1394"]
[BlackRD "49"]
[GameID "230071"]

1. e4 e5 2. Nf3 Nc6 3. Bc4 Bc5 4. Bxf7+ Kxf7 5. Nxe5+ Nxe5 6. d4 Qe7 7. dxc5 Qxc5 8. Be3 Qe7 9. Qe2 Nf6 10. h3 Ke8
11. Nc3 a6 12. O-O-O d6 13. Qf1 Rf8 14. Nd5 Nxd5 15. exd5 c6 16. f3 c5 17. Qf2 Nc4 18. Bxc5 dxc5 19. Rhe1 Ne5 20. Qg3 Kf7
21. Rxe5 Qd7 22. d6 Kg8 23. Re7 Qf5 24. Qxg7#
1-0

[Event "Jerommeke- knockout"]
[Site "SchemingMind.com"]
[Date "2009.12.08"]
[Round "-"]
[White "Gammon"]
[Black "jtrochez1"]
[Result "1/2-1/2"]
[WhiteCountry "USA"]
[BlackCountry "HON"]
[WhiteElo "1424"]
[WhiteRD "52"]
[BlackElo "1530"]
[BlackRD "51"]
[GameID "230084"]

1. e4 e5 2. Nf3 Nc6 3. Bc4 Bc5 4. Bxf7+ Kxf7 5. Nxe5+ Nxe5 6. Qh5+ Ng6 7. Qxc5 d6 8. Qe3 Nf6 9. Qb3+ d5 10. d4 Nxe4
11. O-O Rf8 12. Nc3 Nf6 13. Bg5 Ne7 14. Rfe1 b6 15. Re2 Bb7 16. Rae1 Neg8 17. f4 h6 18. Bh4 c6 19. Nd1 Bc8 20. Nf2 Qc7
21. c4 Qxf4 22. Bg3 Qxd4 23. Rd1 Qc5 24. h3 Be6 25. Qe3 Qxe3 26. Rxe3 Rfe8 27. b3 Rad8 28. Nd3 dxc4 29. Ne5+ Kf8 30. Ng6+ Kf7
31. Ne5+=
1/2-1/2

[Event "Jerommeke- knockout"]
[Site "SchemingMind.com"]
[Date "2009.12.18"]
[Round "-"]
[White "jl1234"]
[Black "Darnell"]
[Result "1-0"]
[WhiteCountry "POL"]
[BlackCountry "CAN"]
[WhiteElo "1798"]
[WhiteRD "75"]
[BlackElo "1421"]
[BlackRD "69"]
[GameID "231341"]

1. e4 e5 2. Nf3 Nc6 3. Bc4 Bc5 4. Bxf7+ Kxf7 5. Nxe5+ Nxe5 6. Qh5+ Ng6 7. Qxc5 d6 8. Qc3 Nf6 9. d3 Rf8 10. Na3 Kg8
11. Nb5 c5 12. f3
1-0

[Event "Jerommeke- knockout"]
[Site "SchemingMind.com"]
[Date "2009.12.17"]
[Round "-"]
[White "Darnell"]
[Black "jl1234"]
[Result "0-1"]
[WhiteCountry "CAN"]
[BlackCountry "POL"]
[WhiteElo "1421"]
[WhiteRD "69"]
[BlackElo "1798"]
[BlackRD "75"]
[GameID "231347"]

1. e4 e5 2. Nf3 Nc6 3. Bc4 Bc5 4. Bxf7+ Kxf7 5. Nxe5+ Nxe5 6. Qh5+ Ng6 7. Qd5+ Ke8 8. Qxc5 d6 9. Qb4 N8e7 10. d4 Nc6
11. Qa4 Bd7 12. d5 Nce5
0-1

[Event "Jerommeke- knockout"]
[Site "SchemingMind.com"]
[Date "2010.01.06"]
[Round "-"]
[White "MOIMOI"]
[Black "jtrochez1"]
[Result "0-1"]
[WhiteCountry "POL"]
[BlackCountry "HON"]
[WhiteElo "1599"]
[WhiteRD "54"]
[BlackElo "1547"]
[BlackRD "52"]
[GameID "233653"]

1. e4 e5 2. Nf3 Nc6 3. Bc4 Bc5 4. Bxf7+ Kxf7 5. Nxe5+ Nxe5 6. Qh5+ Ng6 7. Qxc5 d6 8. Qb5 N8e7 9. d4 Re8 10. Bg5 Kg8
11. Nd2 c6 12. Qb3+ d5 13. e5 Qc7 14. h3 h6 15. Bxe7 Qxe7 16. g3 Nxe5 17. dxe5 Qxe5+ 18. Kf1 Qe2+ 19. Kg2 Qxd2 20. Rad1 Qg5
21. Rhe1 Rxe1 22. Rxe1 Qd8 23. Qd3 Bd7 24. c4 d4 25. g4 c5 26. a3 Bc6+ 27. Kg1 Qa5 28. Re7 Qd8 29. Re5 a6 30. f4 Qd6
31. Qe2 b5 32. Re6 Qc7 33. Qf1 Rf8 34. Rxc6 Qxc6 35. f5 Qe4 36. cxb5 axb5 37. Qxb5 Qe3+ 38. Kg2 d3 39. g5 Qxg5+ 40. Kh2 Qxf5
41. Qc4+ Kh8 42. Qc1 Qf2+ 43. Kh1 Qf1+ 44. Qxf1 Rxf1+ 45. Kg2 Rf7
0-1

[Event "Jerommeke- knockout"]
[Site "SchemingMind.com"]
[Date "2010.01.12"]
[Round "-"]
[White "lemmie"]
[Black "David Hartley"]
[Result "0-1"]
[WhiteCountry "NED"]
[BlackCountry "ENG"]
[WhiteElo "1575"]
[WhiteRD "51"]
[BlackElo "1845"]
[BlackRD "65"]
[GameID "233888"]

1. e4 e5 2. Nf3 Nc6 3. Bc4 Bc5 4. Bxf7+ Kxf7 5. Nxe5+ Nxe5 6. Qh5+ Ng6 7. Qd5+ Ke8 8. Qxc5 d6 9. Qe3 Nf6 10. d4 Qe7
11. Nc3 Rf8 12. O-O Kf7 13. Re1 Kg8 14. Bd2 Ng4 15. Qg3 Rxf2 16. Rad1 Qh4 17. Nd5 Qxg3 18. hxg3 Rf7 19. c3 Be6 20. Nf4 Bxa2
21. Nxg6 hxg6 22. Bg5 Bc4 23. Bf4 Raf8 24. e5 dxe5 25. dxe5 Re7 26. Rd4 Be6 27. Rdd1 Rf5 28. Rd8+ Rf8 29. Rd4 Rfe8 30. Rde4 c6
31. Bg5 Rf7 32. Bf4 Rf5 33. Be3 Nxe3 34. R4xe3 Kf7 35. Re4 Bd5 36. R4e3 b5 37. Kh2 Rh5+ 38. Kg1 a5 39. Rf1+ Rf5 40. Rfe1 Ke6
41. Kh2 Rh5+ 42. Kg1 Rf8 43. R3e2 Rg5 44. Re3 Rff5 45. g4 Rxg4
0-1

[Event "Jerommeke- knockout"]
[Site "SchemingMind.com"]
[Date "2010.01.12"]
[Round "-"]
[White "David Hartley"]
[Black "lemmie"]
[Result "0-1"]
[WhiteCountry "ENG"]
[BlackCountry "NED"]
[WhiteElo "1842"]
[WhiteRD "66"]
[BlackElo "1633"]
[BlackRD "49"]
[GameID "233895"]

1. e4 e5 2. Nf3 Nc6 3. Bc4 Bc5 4. Bxf7+ Kxf7 5. Nxe5+ Nxe5 6. Qh5+ Ng6 7. Qxc5 d6 8. Qd5+ Be6 9. Qxb7 Nf6 10. d3 Re8
11. O-O Kg8 12. Qa6 Ng4 13. f3 Nf6 14. Qa5 Qb8 15. Qc3 Qb6+ 16. Kh1 c6 17. Bg5 Nd7 18. f4 Bf7 19. f5 Nge5 20. Bf4 Rab8
21. b3 c5 22. Qe1 Nf6 23. Nd2 Rbd8 24. Nf3 Nxf3 25. Rxf3 Bh5 26. Rh3 Bf7 27. Qh4 Qc7 28. Bg5 d5 29. Bxf6 gxf6 30. Qxh7+ Kf8
31. Rg3 Ke7 32. Rg7 Kf8 33. Rf1 dxe4 34. Rf4 exd3 35. Qh8+ Ke7 36. Qh7 Qxf4
0-1

[Event "Jerommeke- knockout"]
[Site "SchemingMind.com"]
[Date "2010.01.11"]
[Round "-"]
[White "memet"]
[Black "XTC"]
[Result "0-1"]
[WhiteCountry "TUR"]
[BlackCountry "COL"]
[WhiteElo "1560"]
[WhiteRD "67"]
[BlackElo "1818"]
[BlackRD "48"]
[GameID "234660"]

1. e4 e5 2. Nf3 Nc6 3. Bc4 Bc5 4. Bxf7+ Kxf7 5. Nxe5+ Nxe5 6. d4 Qh4 7. dxc5 Qxe4+ 8. Kf1 Qc4+ 9. Qe2 Qxe2+ 10. Kxe2 Nf6
11. b3 Re8 12. Kd1 Nfg4 13. Rf1 Kg8 14. h3 Nf6 15. Bb2 b6 16. Bxe5 Rxe5 17. cxb6 axb6 18. Nc3 Ba6 19. Rg1 d5 20. Kd2 d4
21. Na4 Re2+ 22. Kc1 Rxf2 23. Kb2 Nd7 24. Kc1 Bb7 25. g4 Rh2 26. Rg3 Rh1+ 27. Kb2 b5 28. Rd3 bxa4 29. Rxd4 a3+
0-1

[Event "Jerommeke- knockout"]
[Site "SchemingMind.com"]
[Date "2010.01.11"]
[Round "-"]
[White "XTC"]
[Black "memet"]
[Result "1-0"]
[WhiteCountry "COL"]
[BlackCountry "TUR"]
[WhiteElo "1818"]
[WhiteRD "48"]
[BlackElo "1560"]
[BlackRD "67"]
[GameID "234665"]

1. e4 e5 2. Nf3 Nc6 3. Bc4 Bc5 4. Bxf7+ Kxf7 5. Nxe5+ Nxe5 6. d4 Bb4+ 7. c3 Bxc3+ 8. Nxc3 Ng6 9. O-O d6 10. f4 N8e7
11. Qh5 Kg8 12. f5 Nf8 13. Bg5 g6 14. Qh6 Nd7 15. f6 Kf7 16. Qg7+ Ke6 17. fxe7 Qg8 18. d5#
1-0

[Event "Jerommeke- knockout"]
[Site "SchemingMind.com"]
[Date "2010.03.05"]
[Round "-"]
[White "jl1234"]
[Black "somar96"]
[Result "0-1"]
[WhiteCountry "POL"]
[BlackCountry "POL"]
[WhiteElo "1780"]
[WhiteRD "75"]
[BlackElo "1892"]
[BlackRD "62"]
[GameID "240465"]

1. e4 e5 2. Nf3 Nc6 3. Bc4 Bc5 4. Bxf7+ Kxf7 5. Nxe5+ Nxe5 6. d4 Bxd4 7. Qxd4 d6 8. O-O Nf6 9. f4 Nc6 10. Qd3 Be6
11. f5 Bd7 12. Qc4+ Ke7 13. Bg5 Ne5 14. Qb4 c5 15. Qb3 c4 16. Qb4 Qb6+ 17. Qxb6 axb6 18. Nc3 Bc6 19. Rfd1 Rad8 20. Rd2 h6
21. Bxf6+ gxf6 22. h3 Rhg8 23. Kf2 h5 24. Rad1 b5 25. a3 h4 26. Re1 Rg3 27. Ne2 Rg5 28. Nc3 Rdg8 29. Kf1 Rg3 30. Rde2 Kd7
31. Rf2 Kc7 32. Ree2 Kb6 33. Rf4 Rh8 34. Kf2 Kc5 35. Rd2 Rhg8 36. Kf1 Rh8 37. Ne2 Rgg8 38. Nd4 Bd7 39. Ne2 Ra8 40. Rd5+ Kc6
41. Nd4+ Kc7 42. Rf2 Bc6 43. Ne6+ Kd7 44. Rdd2 Ke7 45. Rd4 Bd7 46. Nf4 Bc6 47. Rfd2 Rad8 48. Ne6 Rd7 49. Nf4 Rg8 50. Kf2 b6
51. Ne2 Rdd8 52. Nc3 Nf7 53. Ne2 Rd7 54. Nf4 Ne5 55. Ne2 Rgd8 56. Nf4 Ra8 57. Ne2 Rdd8 58. Rd1 Ra7 59. Nc3 Raa8 60. Na2 Rd7
61. Nc3 Nf7 62. Kf3 Rg8 63. R4d2 Rg3+ 64. Kf4 Rd8 65. Ne2 Rxg2 66. Nd4 Rxd2 67. Rxd2 Bd7 68. Rg2 Ng5
0-1

[Event "Jerommeke- knockout"]
[Site "SchemingMind.com"]
[Date "2010.03.05"]
[Round "-"]
[White "somar96"]
[Black "jl1234"]
[Result "0-1"]
[WhiteCountry "POL"]
[BlackCountry "POL"]
[WhiteElo "1863"]
[WhiteRD "57"]
[BlackElo "1801"]
[BlackRD "71"]
[GameID "240472"]

1. e4 e5 2. Nf3 Nc6 3. Bc4 Bc5 4. Bxf7+ Kxf7 5. Nxe5+ Nxe5 6. Qh5+ Ng6 7. Qxc5 d6 8. Qe3 Nf6 9. O-O Re8 10. Nc3 d5
11. Qg3 Nxe4 12. Nxe4 dxe4 13. d3 exd3 14. Bg5 Qd5 15. cxd3 Qe5 16. Qf3+ Kg8 17. h4 Rf8 18. Qd1 Bd7 19. Re1 Qd5 20. Rc1 Bc6
21. f3 Rfe8 22. Rxe8+ Rxe8 23. Qc2 Qd4+ 24. Kh2 h6 25. Qb3+ Bd5 26. Qc3 Qxc3 27. Rxc3 hxg5 28. hxg5 Re2 29. Rxc7 Bxf3 30. Kg3 Bxg2
31. b4 Rxa2 32. Rc8+ Kh7 33. d4 Bd5 34. Rd8 Rg2+ 35. Kh3 Rxg5 36. Rd7 Bc6 37. Rc7 Bg2+ 38. Kh2 Nh4 39. d5 Nf3#
0-1

[Event "Jerommeke- knockout"]
[Site "SchemingMind.com"]
[Date "2010.03.04"]
[Round "-"]
[White "lemmie"]
[Black "XTC"]
[Result "0-1"]
[WhiteCountry "NED"]
[BlackCountry "COL"]
[WhiteElo "1575"]
[WhiteRD "51"]
[BlackElo "1857"]
[BlackRD "56"]
[GameID "240902"]

1. e4 e5 2. Nf3 Nc6 3. Bc4 Bc5 4. Bxf7+ Kxf7 5. Nxe5+ Nxe5 6. Qh5+ Ke6 7. f4 d6 8. fxe5 dxe5 9. Rf1 Nf6 10. Qe2 Qd4
11. Nc3 Ke7 12. d3 Bg4 13. Nd5+ Qxd5 14. Qxg4 Nxg4 15. exd5 h6 16. c4 Nxh2 17. Rf5 Ng4 18. Bd2 Rhf8 19. Rh5 Rf2 20. O-O-O Rxg2
21. a3 Kd6 22. Bc3 g6 23. Rh4 Rf8 24. Kb1 h5 25. b4 Be3 26. Re1 Bg5 27. Rxg4 hxg4 28. Bxe5+ Kd7 29. Bd4 Bh4 30. Rd1 a6
31. a4 Bf6 32. Bc5 Be7 33. Bxe7 Kxe7
0-1

[Event "Jerommeke- knockout"]
[Site "SchemingMind.com"]
[Date "2010.03.04"]
[Round "-"]
[White "XTC"]
[Black "lemmie"]
[Result "1-0"]
[WhiteCountry "COL"]
[BlackCountry "NED"]
[WhiteElo "1857"]
[WhiteRD "56"]
[BlackElo "1575"]
[BlackRD "51"]
[GameID "240903"]

1. e4 e5 2. Nf3 Nc6 3. Bc4 Bc5 4. Bxf7+ Kxf7 5. Nxe5+ Nxe5 6. d4 Qh4 7. O-O Ng4 8. h3 Bb6 9. hxg4 d6 10. f3 c5
11. Be3 Bd7 12. dxc5 dxc5 13. Qxd7+ Ne7 14. Nc3 Rad8 15. Qxb7 h5 16. Bf2 Qg5 17. Nd5 Rde8 18. Nxb6 axb6 19. Qxb6 hxg4 20. fxg4 Qxg4
21. Bxc5+ Kg8 22. Bxe7 Qxe4 23. Qb3+ Kh7 24. Bc5 Qh4 25. Rf3 Re1+ 26. Rxe1 Qxe1+ 27. Rf1 Qh4 28. Qd3+ Kh6 29. Be3+ g5 30. Rf6+ Kh5
31. Qg6+ Kg4 32. Rf4+ Kg3 33. Rxh4 Rxh4 34. Bf2+
1-0

[Event "Jerommeke- knockout"]
[Site "SchemingMind.com"]
[Date "2010.05.17"]
[Round "-"]
[White "MOIMOI"]
[Black "XTC"]
[Result "0-1"]
[WhiteCountry "POL"]
[BlackCountry "COL"]
[WhiteElo "1563"]
[WhiteRD "51"]
[BlackElo "1896"]
[BlackRD "58"]
[GameID "248998"]

1. e4 e5 2. Nf3 Nc6 3. Bc4 Bc5 4. Bxf7+ Kxf7 5. Nxe5+ Nxe5 6. Qh5+ Ke6 7. f4 d6 8. fxe5 dxe5 9. Qg4+ Kd6 10. Qg3 g6
11. Nc3 Nf6 12. d3 Ng4 13. h3 Bf2+ 14. Qxf2 Nxf2
0-1

[Event "Jerommeke- knockout"]
[Site "SchemingMind.com"]
[Date "2010.05.17"]
[Round "-"]
[White "XTC"]
[Black "MOIMOI"]
[Result "0-1"]
[WhiteCountry "COL"]
[BlackCountry "POL"]
[WhiteElo "1896"]
[WhiteRD "58"]
[BlackElo "1563"]
[BlackRD "51"]
[GameID "249041"]

1. e4 e5 2. Nf3 Nc6 3. Bc4 Bc5 4. Bxf7+ Kxf7 5. Nxe5+ Nxe5 6. Qh5+ Ke6 7. f4 d6 8. fxe5 dxe5 9. Rf1 Nf6 10. d3 Nxh5
0-1